Những điều doanh nghiệp vần biết về chế độ khuyến khích đầu tư trong nước

Zapisane w:
Opis bibliograficzny
Format: Książka
Język:Undetermined
Wydane: H. Lao Động 2003
Hasła przedmiotowe:
Etykiety: Dodaj etykietę
Nie ma etykietki, Dołącz pierwszą etykiete!
Thư viện lưu trữ: Trung tâm Học liệu Trường Đại học Cần Thơ
LEADER 00565nam a2200181Ia 4500
001 CTU_58829
008 210402s9999 xx 000 0 und d
020 |b 47000 
082 |a 346.597066 
082 |b Nh556 
245 0 |a Những điều doanh nghiệp vần biết về chế độ khuyến khích đầu tư trong nước 
260 |a H. 
260 |b Lao Động 
260 |c 2003 
650 |a investments, vietnamese 
650 |x law and legislation 
904 |i Minh 
980 |a Trung tâm Học liệu Trường Đại học Cần Thơ